00445nam a2200169Ia 4500003000400000005001700004008004100021040000700062041001200069082001600081100007000097245005700167300001100224365000700235650001800242650001500260OSt20250604161641.0210719s9999 xx 000 0 und d cAL aKannada aK894.2 AMRK aAMRATA SOMESHVARAdಅಮೃತ ಸೋಮೇಶ್ವರ aKoti chennayabಕೋಟಿ ಚೆನ್ನಯ a30bPB cRs aKannada Drama aTulu Drama